000 01040nam a2200229Ia 4500
999 _c34493
_d34493
001 242
003 GE_BSU
005 20200224145534.0
008 181216s ||||ge |||||||||||||| ||geo||
020 _aISSN 0137-0073
040 _cGE_BSU
080 _a811.353.1'282 + 811.353.1'373.21 ა-97
245 _aაჭარული დიალექტის დარგობრივი ლექსიკა V /
_cრედ. შ. ძიძიგური.
264 _aთბილისი :
_bმეცნიერება,
_c1986
300 _a112 გვ. ;
_c21 სმ.
653 _aაჭარული დიალექტი
653 _aქართული ენის დიალექტები
653 _aქართული ტოპონიმიკა
700 _aძიძიგური, შ.
_eრედაქტორი
_92258
710 _aბათუმის ნ. ბერძენიშვილის სახ. სამეც-კვლევ. ინ-ტი
_97399
942 _cBK
_2udc